L´humanisme de bossuet

Na minha lista:
Detalhes bibliográficos
Autor principal: Goyet, Thérese
Formato: Livro
Idioma:Undetermined
Publicado em: París, Francia Klincksieck 1965
Assuntos:
Tags: Adicionar Tag
Sem tags, seja o primeiro a adicionar uma tag!

MARC

LEADER 00000nam a2200000Ia 4500
008 170316s9999 xx 000 0 und d
090 |a 100 G-48h 
100 |a Goyet, Thérese 
245 |a L´humanisme de bossuet 
260 |a París, Francia 
260 |b Klincksieck 
260 |c 1965 
300 |a 248 páginas 
650 |a FILOSOFÍA 
999 |c 16330  |d 16330 
040 |a cru BVZT 
942 |c 15 D  |h 100 G-48h  |2 z